00310nam a2200133Ia 4500003000400000005001700004008004100021020001900062040002000081100001200101245003000113260002500143300000800168OSt20240229114906.0170524s9999 xx 000 0 und d a978-9352862658 cIIMT UNIVERSITY aDessler 0aHUMAN RESOURCE MANAGEMENT aNEW DELHIbPHIc2008 a801